| 000 | 00514cab a2200205 4500 | ||
|---|---|---|---|
| 001 | X2094 | ||
| 008 | 090401t1995 xxu||||| |||| 00| 0 eng d | ||
| 035 | _a(Sirsi) u21730 | ||
| 041 | _aeng | ||
| 100 | _aCulshaw, S. | ||
| 245 | _aLaw of the sea convention | ||
| 260 | _c1995 | ||
| 350 | _a0 | ||
| 490 |
_aCSM (Chartered Surveyor Monthly) _v4(5) March 1995, 46-47(2) |
||
| 650 | _aGREENWICH FORUM | ||
| 650 | _aLAW OF THE SEA CONVENTION | ||
| 690 | _aMARINE RESOURCES | ||
| 942 | _n0 | ||
| 948 | _c04/03/1997 | ||
| 999 |
_c14572 _d14572 |
||